000
00241 a2200097 4500
001
29931
100
_a
Army Material Command
245
_a
Engineering design handbook (servomechanism) Section 4
260
_a
_b
AMC
_c
090
_c
19933
_d
19933
942
_a
NUST-CAE
_c
M
_c
11039
999
_c
265004
_d
265004